| 000 | 00541nam a2200181 i 4500 | ||
|---|---|---|---|
| 001 | 36581 | ||
| 003 | ES-MaACL | ||
| 005 | 20251015063049.0 | ||
| 007 | t| | ||
| 008 | 030218s1912 xxk ||||1| eng d | ||
| 100 | 1 |
_aBrown, John, _d1830-1922 _9162352 |
|
| 245 | 1 | 4 |
_aThe history of the English Bible / _cJohn Brown. |
| 260 |
_a[Cambridge] : _bCambridge University Press, _c1912. |
||
| 300 |
_aVI, 136 p. ; _c16 cm. |
||
| 630 | 0 | 4 |
_aBiblia- _xTraducciones al inglés. _9162353 |
| 852 |
_aES-MaACL _jD-3297 |
||
| 999 |
_c36581 _d36581 |
||